| 000 | 01109nam a2200325 a 4500 | ||
|---|---|---|---|
| 001 | 000021044 | ||
| 003 | DO-SdBNP | ||
| 005 | 20250807081702.0 | ||
| 007 | ta | ||
| 008 | 100830s1989 dr er 001 edspa d | ||
| 040 |
_aDO-SdBNP _bspa _cBNPHU |
||
| 082 | _bK21h | ||
| 100 | 1 |
_aKaufman, Michael _944021 |
|
| 245 | 1 | 0 |
_aHombres : _bplacer, poder y cambio / _cMichael Kaufman. |
| 260 |
_aSanto Domingo : _bTaller, _c1989. |
||
| 300 |
_a101 p. ; _c22 cm. |
||
| 490 | _aTeoría | ||
| 500 | _aIncluye datos biográficos de los autores en la contracubierta. | ||
| 500 | _aIncluye bibliografía y notas al pie de las páginas. | ||
| 534 | _aMen, Power and Pleasure / Michael Kaufman. | ||
| 590 | _aInventariado, 2018/VM | ||
| 650 | 4 |
_978403 _aIdentidad de genero _zRepública Dominicana |
|
| 650 | 4 |
_935993 _aHombres _xAspectos Sociales _zRepública Dominicana |
|
| 650 | 4 |
_978612 _aMasculinidad _zCaribe, Región |
|
| 650 | 0 |
_aSexualidad _940897 |
|
| 710 | 2 |
_952431 _aCentro de Investigación para la Acción Femenina (CIPAF). _eed. |
|
| 830 | 0 |
_aTeoría _935948 |
|
| 910 | _aMFeliz | ||
| 942 |
_2ddc _cLBS1 |
||
| 999 |
_c20547 _d20547 |
||